| 000 | 00960nam a22002657a 4500 | ||
|---|---|---|---|
| 003 | BD-DhJNU | ||
| 005 | 20260422035500.0 | ||
| 008 | 260422b |||||||| |||| 00| 0 eng d | ||
| 020 | _a9789843305732 | ||
| 040 |
_aBD-DhJNU _bENG _cBD-DhJNU _dBD-DhJNU |
||
| 082 |
_223 _a305.3 HOG |
||
| 100 | _aহোসেন, শেখ আমজাদ | ||
| 242 |
_aGender studies/ _cProfessor Dr. Sheikh Amjad Hossain |
||
| 245 |
_aজেন্ডার স্টাডিজ / _cপ্রফেসর ড. শেখ আমজাদ হোসেন |
||
| 246 | _aGender studies | ||
| 260 |
_aঢাকা : _bপ্রভাতী লাইব্রেরি, _c2023. |
||
| 300 |
_a৩৮৪ পৃ. : _bচিত্র ; _c২২ সেমি.। |
||
| 650 | _aনারীবাদ | ||
| 650 | _aFeminism | ||
| 650 | _aনারী | ||
| 650 | _aWomen | ||
| 650 | _aলিঙ্গ পরিচয় | ||
| 650 | _aGender identity | ||
| 942 |
_2ddc _cBK _n0 |
||
| 999 |
_c2701 _d2701 |
||